<?xml version="1.0" encoding="UTF-8"?>
<record
    xmlns:xsi="http://www.w3.org/2001/XMLSchema-instance"
    xsi:schemaLocation="http://www.loc.gov/MARC21/slim http://www.loc.gov/standards/marcxml/schema/MARC21slim.xsd"
    xmlns="http://www.loc.gov/MARC21/slim">

  <leader>00321nam a2200133Ia 4500</leader>
  <datafield tag="999" ind1=" " ind2=" ">
    <subfield code="c">6706</subfield>
    <subfield code="d">6706</subfield>
  </datafield>
  <controlfield tag="008">191201s2017    xx            000 0 und d</controlfield>
  <datafield tag="020" ind1=" " ind2=" ">
    <subfield code="a">9788126515714</subfield>
  </datafield>
  <datafield tag="100" ind1=" " ind2=" ">
    <subfield code="a">MATTHEW, Neil</subfield>
  </datafield>
  <datafield tag="245" ind1=" " ind2="0">
    <subfield code="a">Beginning Linux Programming</subfield>
  </datafield>
  <datafield tag="260" ind1=" " ind2=" ">
    <subfield code="a">N. delhi</subfield>
    <subfield code="b">Wiley India</subfield>
    <subfield code="c">2017</subfield>
  </datafield>
  <datafield tag="300" ind1=" " ind2=" ">
    <subfield code="a">780</subfield>
  </datafield>
  <datafield tag="650" ind1=" " ind2=" ">
    <subfield code="a">MCA</subfield>
  </datafield>
  <datafield tag="942" ind1=" " ind2=" ">
    <subfield code="2">ddc</subfield>
    <subfield code="c">BK</subfield>
    <subfield code="0">4</subfield>
  </datafield>
  <datafield tag="952" ind1=" " ind2=" ">
    <subfield code="0">0</subfield>
    <subfield code="1">0</subfield>
    <subfield code="2">ddc</subfield>
    <subfield code="4">0</subfield>
    <subfield code="7">0</subfield>
    <subfield code="8">MCA</subfield>
    <subfield code="a">PIET</subfield>
    <subfield code="b">PIET</subfield>
    <subfield code="d">2017-06-09</subfield>
    <subfield code="e">Techniz Books International</subfield>
    <subfield code="g">799.00</subfield>
    <subfield code="k">IN1431</subfield>
    <subfield code="l">5</subfield>
    <subfield code="o">0055.44 MAB</subfield>
    <subfield code="p">29890</subfield>
    <subfield code="r">2025-10-09 00:00:00</subfield>
    <subfield code="s">2025-09-26</subfield>
    <subfield code="v">535.33</subfield>
    <subfield code="w">2017-08-30</subfield>
    <subfield code="y">BK</subfield>
  </datafield>
  <datafield tag="952" ind1=" " ind2=" ">
    <subfield code="0">0</subfield>
    <subfield code="1">0</subfield>
    <subfield code="2">ddc</subfield>
    <subfield code="4">0</subfield>
    <subfield code="7">0</subfield>
    <subfield code="8">CSECS</subfield>
    <subfield code="a">PIET</subfield>
    <subfield code="b">PIET</subfield>
    <subfield code="d">2017-06-09</subfield>
    <subfield code="e">International Book Centre</subfield>
    <subfield code="g">799.00</subfield>
    <subfield code="k">IN1431</subfield>
    <subfield code="l">0</subfield>
    <subfield code="o">0055.44 MAB</subfield>
    <subfield code="p">29891</subfield>
    <subfield code="r">2019-12-04 00:00:00</subfield>
    <subfield code="v">535.33</subfield>
    <subfield code="w">2017-08-30</subfield>
    <subfield code="y">BK</subfield>
  </datafield>
</record>
